Normal view
MARC view
- Malik,Surraya Mehbub
Entry Personal Name
001 - CONTROL NUMBER
- control field: 26663
003 - CONTROL NUMBER IDENTIFIER
- control field: NUST
005 - DATE AND TIME OF LATEST TRANSACTION
- control field: 20191210113540.0
008 - FIXED-LENGTH DATA ELEMENTS
- fixed length control field: 191210|| aca||aabn | a|a d
040 ## - CATALOGING SOURCE
- Original cataloging agency: NUST
- Transcribing agency: NUST
100 ## - HEADING--PERSONAL NAME
- Personal name: Malik,Surraya Mehbub
670 ## - SOURCE DATA FOUND
- Source citation: Work cat.: (NUST): Malik,Surraya Mehbub, Evaluation of submerged anaerobic fertilizer driven osmotic membrane bioreactor (AnFDOMBR) for textile wastewater treatment, 2019
